| 000 | 00897cam a2200265 4500 | ||
|---|---|---|---|
| 001 | 22661 | ||
| 003 | BD-RjUL | ||
| 005 | 20211209000832.0 | ||
| 008 | 140309s1967 enk b 000 0 eng | ||
| 035 | _a(BD-RjUL)22726 | ||
| 040 |
_aDLC _cDLC _dDLC _dBD-RjUL _beng |
||
| 041 | 0 | _aengara | |
| 082 | 0 | 0 |
_a892.713 _bMUP |
| 100 | 1 |
_aMutanabbī, Abū al-Tayyib Ahmad ibn al-Husayn, _d915 or 916-965. _969945 |
|
| 245 | 1 | 0 |
_aPoems of al-Mutanabbi : _ba selection with introduction, translations and notes / _cby A.J. Arberry. |
| 260 |
_aLondon : _bCambridge U.P., _c1967. |
||
| 300 |
_avi, 155 p. ; _c22 cm. |
||
| 500 | _aParallel English and Arabic text. Introduction and notes in English. | ||
| 504 | _aBibliography: p. 151-152. | ||
| 700 | 1 |
_aArberry, A. J. _q(Arthur John), _d1905-1969, _etr. _95438 |
|
| 942 |
_2ddc _cBK |
||
| 999 |
_c22661 _d22661 |
||